000
00278nam a2200097Ia 4500
008
220204s9999 xx 000 0 und d
082
_a
339.1
_b
IND.2
245
0
_a
India: Handbook of commercial information
260
_a
Calcutta
_b
Dept of Commercial Intelligence
_c
1964
942
_c
BK
999
_c
20692
_d
20692